Biblioteca

The mass of the Roman rite : Its origins and development / Joseph A. Brunner ; Translated by Francis A. Brunner ; Revised by Charles K. Riepe (Registro nro. 45536)

Detalles MARC
000 -LÍDER
Campo fijo de descripción fija 010550000a22002170004500
082 04 - NÚMERO DE CLASIFICACIÓN DECIMAL DEWEY
Número de clasificación G 265 J85m
001 - NÚMERO DE CONTROL
Campo de control 19165
100 1# - ASIENTO PRINCIPAL--NOMBRE PERSONAL
Nombre personal Jungmann, Joseph A.
245 10 - TÍTULO
Título del Material The mass of the Roman rite : Its origins and development / Joseph A. Brunner ; Translated by Francis A. Brunner ; Revised by Charles K. Riepe
250 ## - MENCIÓN DE EDICIÓN
Mención de edición Nueva edición revisada y condensada en un volumen
260 ## - PUBLICACIÓN, DISTRIBUCIÓN, ETC. (PIE DE IMPRENTA)
Lugar de publicación, distribución, etc. London : Burns & Oates
300 ## - DESCRIPCIÓN FÍSICA
Extensión 567 páginas
336 ## - CONTENT TYPE
Content type term texto
Content type code txt
Source rdacontent
337 ## - MEDIA TYPE
Source rdamedia
Media type term sin mediación
Media type code n
338 ## - CARRIER TYPE
Source rdacarrier
Carrier type term volumen
Carrier type code nc
500 ## - NOTA GENERAL
Nota General Título original: Missarum Sollemnia (German Revised Edition) \ Incluye índice (p. 555-567)
501 ## - NOTA DE “CON”
Nota de Contenido Pasta dura
505 00 - NOTA DE CONTENIDO
Nota de contenido con formato preestablecido La forma de la misa a través de los siglos - La naturaleza y las formas de la misa - Las ceremonias de la misa - El rito de la entrada - El servicio de lecturas - El ofertorio - El canon de la acción - El ciclo de la comunión - El cierre de la misa
650 14 - ASIENTO SECUNDARIO DE MATERIA - TERMINO TEMÁTICO
Término temático o nombre geográfico como elemento de entrada Catolicismo Romano \ Ritos y Ceremonias \ Liturgia - Naturaleza
942 ## - TIPO DE MATERIAL (KOHA)
Tipo de Item KOHA Libros General
Existencias
Estado de Material Estado de Perdido Estado de Dañado No para Préstamo Colección Tomo Biblioteca de Origen Biblioteca Permanente Fecha de Adquisición Total de Préstamos Signatura Topográfica Código de Barras Última vez visto Ejemplar/Existencia Fecha de Remplazo Tipo de Material
        Colección General   Biblioteca FUSBC Biblioteca FUSBC 10/03/2015   G 265 J85m 19196 12/12/2019 2016-12-02 26/01/2016 Libros General

Biblioteca FUSBC | Teléfono: (57+4) 349 88 10 Ext. 141| WhatsApp (+57) 3005338115 
E-mail: biblioteca@unisbc.edu.co | Calle 76 87-14 Robledo Palenque, Medellín, Colombia

Con tecnología Koha